[Event "London Classic op 11th"]
[Site "London"]
[Date "2019.12.03"]
[Round "6"]
[White "Chidichimo, Pedro Jose Maria"]
[Black "Megias, Eva"]
[Result "0-1"]
[WhiteElo "1831"]
[BlackElo "1586"]
[PlyCount "100"]
[EventDate "2019.11.29"]
[EventType "swiss"]
[EventRounds "9"]
[EventCountry "ENG"]
[SourceTitle "CBM 193 Extra"]
[Source "ChessBase"]
[SourceDate "2020.01.31"]
[SourceVersion "1"]
[SourceVersionDate "2020.01.31"]
[SourceQuality "1"]

1. d4 d5 2. Nf3 b6 3. e3 Nf6 4. Bd3 Bb7 5. Nbd2 e6 6. 0-0 Bd6 7. b3 Ba6 8. c4 c6 9. Bb2 Qe7 10. Qe2 Bb7 11. e4 dxe4 12. Nxe4 Nxe4 13. Bxe4 0-0 14. Qc2 f5 15. Bd3 Qf7 16. Rfe1 h6 17. c5 Bc7 18. Rxe6 b5 19. Rae1 Qh5 20. Qe2 Nd7 21. Re7 Rad8 22. Qe6+ Rf7 23. d5 Nxc5 24. Re8+ Kh7 25. Qe3 Nxd3 26. Qxd3 Rxd5 27. Qc3 c5 28. Ne5 Rf6 29. Re7 Bxe5 30. R1xe5 Rd1+ 31. Re1 Rxe1+ 32. Qxe1 Rf7 33. Re3 Rd7 34. f3 Qf7 35. Qc3 b4 36. Qxc5 Rd1+ 37. Kf2 Rd2+ 38. Re2 Rxe2+ 39. Kxe2 Ba6+ 40. Kf2 Qe6 41. Qe3 Qc6 42. Qe5 Qg6 43. Qd4 Qf7 44. Qxb4 Qe6 45. Qe1 Qc6 46. Qc3 Qg6 47. Qc7 f4 48. Qc3 h5 49. b4 Bb5 50. Qb3 Qb1 0-1

[Event "London Classic op 11th"]
[Site "London"]
[Date "2019.11.30"]
[Round "3"]
[White "Chidichimo, Pedro Jose Maria"]
[Black "Yoon, Jacob D"]
[Result "0-1"]
[WhiteElo "1831"]
[BlackElo "2037"]
[PlyCount "84"]
[EventDate "2019.11.29"]
[EventType "swiss"]
[EventRounds "9"]
[EventCountry "ENG"]
[SourceTitle "CBM 193 Extra"]
[Source "ChessBase"]
[SourceDate "2020.01.31"]
[SourceVersion "1"]
[SourceVersionDate "2020.01.31"]
[SourceQuality "1"]

1. d4 d5 2. Nf3 Nf6 3. e3 Bf5 4. Nh4 Bg4 5. Qd3 Nc6 6. h3 Bd7 7. Nf3 e6 8. c4 Ne7 9. Nc3 Ng6 10. Be2 c6 11. 0-0 Bd6 12. c5 Bb8 13. Re1 0-0 14. b4 e5 15. dxe5 Nxe5 16. Nxe5 Bxe5 17. Bb2 Ne4 18. Bf3 Ng5 19. e4 d4 20. Ne2 Bxh3 21. Bh5 Bxg2 22. Kxg2 Ne6 23. Bc1 Qf6 24. Rb1 g6 25. Bg4 h5 26. Bxe6 fxe6 27. f4 Bc7 28. Qxd4 e5 29. Qc4+ Kh7 30. Rf1 exf4 31. Bxf4 Bxf4 32. Rxf4 Qg5+ 33. Kf3 Rxf4+ 34. Nxf4 Qg4+ 35. Ke3 Qg3+ 36. Ke2 Qxf4 37. Rf1 Qg4+ 38. Ke3 Qg5+ 39. Ke2 Rd8 40. Qc3 Qg2+ 41. Ke1 Qxe4+ 42. Kf2 Rf8+ 0-1

[Event "San Sebastian de los Reyes op 20th"]
[Site "San Sebastian"]
[Date "2018.12.03"]
[Round "3"]
[White "Chidichimo, Pedro Jose Maria"]
[Black "Martin Rodriguez, Emilio"]
[Result "0-1"]
[WhiteElo "1772"]
[BlackElo "1994"]
[PlyCount "46"]
[EventDate "2018.12.01"]
[EventType "swiss"]
[EventRounds "9"]
[EventCountry "ESP"]
[SourceTitle "CBM 187 Extra"]
[Source "ChessBase"]
[SourceDate "2018.11.04"]
[SourceVersion "1"]
[SourceVersionDate "2018.11.04"]
[SourceQuality "1"]

1. e4 c6 2. d4 d5 3. exd5 cxd5 4. c4 Nf6 5. Nc3 g6 6. Nf3 Bg7 7. cxd5 Nxd5 8. Bc4 Nxc3 9. bxc3 0-0 10. 0-0 Qc7 11. Qb3 Nc6 12. Ng5 e6 13. Be2 Rd8 14. Ba3 Na5 15. Qb5 Bd7 16. Qc5 Bc6 17. Bb4 Rd5 18. Bxa5 Qxa5 19. Qxa5 Rxa5 20. Nf3 Rc8 21. Nd2 Bd5 22. Nb3 Ra3 23. f4 Rxc3 0-1

[Event "Tres Cantos op 10th"]
[Site "Tres Cantos"]
[Date "2018.06.23"]
[Round "3.20"]
[White "Paarup, Torsten"]
[Black "Chidichimo, Pedro Jose Maria"]
[Result "1-0"]
[WhiteElo "2038"]
[BlackElo "1797"]
[PlyCount "45"]
[EventDate "2018.06.21"]
[EventType "swiss"]
[EventRounds "9"]
[EventCountry "ESP"]
[SourceTitle "EXT 2024"]
[Source "ChessBase"]
[SourceDate "2023.10.10"]
[SourceVersion "1"]
[SourceVersionDate "2023.10.10"]
[SourceQuality "1"]

1. e4 d6 2. d4 Nf6 3. Nc3 Nbd7 4. Nf3 e5 5. Bc4 Be7 6. 0-0 c6 7. a4 a5 8. Qe2 h6 9. Rd1 Qc7 10. h3 Nf8 11. dxe5 dxe5 12. Nh4 g6 13. Be3 N6h7 14. Nf3 g5 15. Nxe5 Ne6 16. Ng4 Nhf8 17. e5 Ng6 18. Ne4 Nxe5 19. Bxe6 Bxe6 20. Nxe5 f5 21. Qh5+ Kf8 22. Ng6+ Kg7 23. Bd4+ 1-0